A Treasury of gourmet recipes
| Other Authors: | |
|---|---|
| Format: | Book |
| Published: |
London :
Harper Collins Publishers ,
1992
|
| Subjects: |
MARC
| LEADER | 00000cam a2200000 7i4500 | ||
|---|---|---|---|
| 001 | 0000002574 | ||
| 002 | 000002801 | ||
| 005 | 20000330.0 | ||
| 020 | |a 186378120X | ||
| 090 | 0 | 0 | |a 641.514 |b TRE |
| 245 | 0 | 2 | |a A Treasury of gourmet recipes |c compilae by Susan Tomnay |
| 260 | |a London : |b Harper Collins Publishers , |c 1992 | ||
| 300 | |a 408p. : |b ill ; |c 28cm. | ||
| 650 | 0 | 0 | |a Cookery |
| 650 | 0 | 0 | |a Gourment cooking |x Recipes |
| 700 | 1 | |a Tomnay, Susan | |
| 999 | |a 036249 |b BUKU |c PINJAMAN |e PERPUSTAKAAN KOMUNITI PETALING JAYA | ||